Fázový a štruktúrny rozbor spájkovaného spoja oceľ - keramika : Diplomová práca

Na minha lista:
Detalhes bibliográficos
Autor principal: Olšiaková, Marcela (Author)
Outros Autores: Čaplovič, Ľubomír, 1955- (xxx)
Formato: Manuscrito Livro
Idioma:eslovaco
Publicado em: Trnava : STU v Bratislave MtF KMI, 1999
Assuntos:
Tags: Adicionar Tag
Sem tags, seja o primeiro a adicionar uma tag!

MARC

LEADER 00000ntm a22000003a 4500
001 stu85599
005 20160719154821.3
008 040402s1999----xo------------------slo-d
040 |a STU  |b slo 
041 0 |a slo 
044 |a xo 
100 1 |a Olšiaková, Marcela  |4 aut 
245 1 |a Fázový a štruktúrny rozbor spájkovaného spoja oceľ - keramika :  |b Diplomová práca 
260 |a Trnava :  |b STU v Bratislave MtF KMI,  |c 1999 
300 |a 52 s 
650 7 |a materiálové inžinierstvo  |2 stusub 
650 7 |a kovové a nekovové materiály  |2 stusub 
700 1 |a Čaplovič, Ľubomír,  |d 1955-  |4 xxx  |u M1000  |U MTF Materiálovotechnologická fakulta  |T MTF Ústav materiálov  |X 315  |U M1000  |Y 81  |7 A000000315